Trends in second language acquisition / (Record no. 19077)
[ view plain ]
| 000 -LEADER | |
|---|---|
| fixed length control field | 00765nam a22002057a 4500 |
| 008 - FIXED-LENGTH DATA ELEMENTS--GENERAL INFORMATION | |
| fixed length control field | 240212b ||||| |||| 00| 0 eng d |
| 020 ## - INTERNATIONAL STANDARD BOOK NUMBER | |
| International Standard Book Number | 9781774690901 |
| 082 ## - DEWEY DECIMAL CLASSIFICATION NUMBER | |
| Edition number | 2022 |
| Classification number | DC 418.007 |
| Item number | B239 |
| 100 ## - MAIN ENTRY--PERSONAL NAME | |
| Personal name | Barjesteh, Hamed. |
| 9 (RLIN) | 52149 |
| 245 ## - TITLE STATEMENT | |
| Title | Trends in second language acquisition / |
| Statement of responsibility, etc. | Hamed Bejesteh and three others. |
| 260 ## - PUBLICATION, DISTRIBUTION, ETC. (IMPRINT) | |
| Place of publication, distribution, etc. | Canada : |
| Name of publisher, distributor, etc. | Society Publishing, |
| Date of publication, distribution, etc. | ©2022. |
| 300 ## - PHYSICAL DESCRIPTION | |
| Extent | xxv, 276 pages : |
| Other physical details | color illustrations ; |
| Dimensions | 24 cm. |
| 500 ## - GENERAL NOTE | |
| General note | Includes bibliography and index. |
| 650 ## - SUBJECT ADDED ENTRY--TOPICAL TERM | |
| Topical term or geographic name as entry element | Second language acquisition. |
| 9 (RLIN) | 52270 |
| 650 ## - SUBJECT ADDED ENTRY--TOPICAL TERM | |
| Topical term or geographic name as entry element | Language acquisition. |
| 9 (RLIN) | 52271 |
| 700 ## - ADDED ENTRY--PERSONAL NAME | |
| Personal name | Ardestani, Elham Movafagh. |
| Relator term | author. |
| 9 (RLIN) | 52150 |
| 700 ## - ADDED ENTRY--PERSONAL NAME | |
| Personal name | Manoochehrzadeh, Mehdi. |
| Relator term | author. |
| 9 (RLIN) | 52151 |
| 700 ## - ADDED ENTRY--PERSONAL NAME | |
| Personal name | Hedarzadi, Mohamad. |
| Relator term | author. |
| 9 (RLIN) | 52152 |
| 942 ## - ADDED ENTRY ELEMENTS (KOHA) | |
| Source of classification or shelving scheme | Dewey Decimal Classification |
| Koha item type | Circulation |
| Withdrawn status | Lost status | Source of classification or shelving scheme | Damaged status | Not for loan | Collection code | Home library | Current library | Date acquired | Source of acquisition | Cost, normal purchase price | Total Checkouts | Full call number | Barcode | Date last seen | Price effective from | Koha item type |
|---|---|---|---|---|---|---|---|---|---|---|---|---|---|---|---|---|
| Dewey Decimal Classification | Circulation | UM Digos College - LIC | UM Digos College - LIC | 08/08/2023 | Purchased | 6995.00 | DC 418.007 B239 2022 | 27505 | 05/15/2025 | 02/12/2024 | Circulation |
